000 00915cab a2200265 4500
001 ABS58533
008 090401t1998 xxu||||| |||| 00| 0 eng d
035 _a(Sirsi) u85468
041 _aeng
245 _aDETR investigation of galvanised wall ties
260 _c1998
350 _a0
490 _aBuilding Engineer
_v73(2) March 1998, 8-9(2)
520 _aAssesses the impact on the cavity fill industry of BRE preliminary research findings on the condition of galvanised steel wall ties with a green indentification film. Reports on a research programme to further investigate this issue. See WB3403-03.
650 _aBRE RESEARCH
650 _aBRE
650 _aCAVITY WALL INSULATION
650 _aCAVITY WALLS
650 _aGALVANISED STEEL
650 _aGALVANISED WALL TIES
650 _aINSULATION
690 _aBUILT ENVIRONMENT-BUILDING MATERIALS
942 _n0
948 _c07/04/1998
999 _c53739
_d53739